000 00867cam a22002055a 4500
001 L155171
008 120307s2012 xxk f 000 0 eng d
020 _a9781858711638
035 _a(Sirsi) u155171
041 0 _aeng
100 1 _aMcFall, Stephanie
245 0 0 _aUnderstanding society
_bFindings 2012
_h[electronic resource]
260 _aColchester
_bUniversity of Essex Institute for Social and Economic Research
_c2012
520 _aA series of articles on social issues affecting society including one entitled moving home, wishes, expectations and reasons.
590 _aKA
651 4 _aUNITED KINGDOM
690 _aResidential property
_96266
856 4 0 _uhttps://research.understandingsociety.org.uk/files/research/findings/Understanding-Society-Findings-2012.pdf
_zView the item free of charge at research.understandingsociety.org.uk
942 _n0
999 _c113366
_d113366